| 000 | 00318nam a22001217a 4500 | ||
|---|---|---|---|
| 082 | _a297.63 NOU | ||
| 100 |
_aALAMA SHABLI NOUMANI _959805 |
||
| 245 | _aSERAT-UL-NABI | ||
| 260 |
_aLAHORE _bNIZAMI PRINTERS _c1985 |
||
| 300 | _a579P | ||
| 650 |
_aISLAM-BIOGRAPHY-PROPHET MUHAMMAD PEACE BE UPON HIM _917584 |
||
| 942 | _cBK | ||
| 999 |
_c569695 _d569695 |
||